| 000 -LEADER |
| fixed length control field |
01525cam a22003258a 4500 |
| 001 - CONTROL NUMBER |
| control field |
17199037 |
| 005 - DATE AND TIME OF LATEST TRANSACTION |
| control field |
20170105102847.0 |
| 008 - FIXED-LENGTH DATA ELEMENTS--GENERAL INFORMATION |
| fixed length control field |
120307s2012 ne b 001 0 eng |
| 010 ## - LIBRARY OF CONGRESS CONTROL NUMBER |
| LC control number |
2012010110 |
| 020 ## - INTERNATIONAL STANDARD BOOK NUMBER |
| International Standard Book Number |
9789004221529 (hardback : alk. paper) |
| 040 ## - CATALOGING SOURCE |
| Original cataloging agency |
DLC |
| Transcribing agency |
DLC |
| 042 ## - AUTHENTICATION CODE |
| Authentication code |
pcc |
| 043 ## - GEOGRAPHIC AREA CODE |
| Geographic area code |
e-gr--- |
| 050 00 - LIBRARY OF CONGRESS CALL NUMBER |
| Classification number |
KKE2467.M56 |
| Item number |
T75 2012 |
| 082 00 - DEWEY DECIMAL CLASSIFICATION NUMBER |
| Classification number |
342.49508 TSI |
| Edition number |
23 |
| 100 1# - MAIN ENTRY--PERSONAL NAME |
| Personal name |
Tsitselikēs, Kōnstantinos. |
| 245 10 - TITLE STATEMENT |
| Title |
Old and new Islam in Greece : |
| Remainder of title |
from historical minorities to immigrant newcomers / |
| Statement of responsibility, etc. |
byKkonstantinos Tsitselikis. |
| 260 ## - PUBLICATION, DISTRIBUTION, ETC. |
| Place of publication, distribution, etc. |
Leiden ; |
| -- |
Boston : |
| Name of publisher, distributor, etc. |
Martinus Nijhoff Publishers, |
| Date of publication, distribution, etc. |
2012. |
| 263 ## - PROJECTED PUBLICATION DATE |
| Projected publication date |
1206 |
| 300 ## - PHYSICAL DESCRIPTION |
| Extent |
p. cm. |
| 490 0# - SERIES STATEMENT |
| Series statement |
Studies in international minority and group rights ; |
| Volume/sequential designation |
v. 5 |
| 504 ## - BIBLIOGRAPHY, ETC. NOTE |
| Bibliography, etc. note |
Includes bibliographical references and index. |
| 505 0# - FORMATTED CONTENTS NOTE |
| Formatted contents note |
Introduction : theoretical and methodological concerns -- Muslim minorities in the Balkans in the era of nationalism -- 1913-1922 : a decade of ethno-religious co-existence -- 1923-1947 : exchanging populations and the aftermath -- Islam under Greek law : the content of rights -- The Muslim minority as a legal entity : an Ottoman legacy -- Unbending identities, invisible diversities. |
| 650 #0 - SUBJECT ADDED ENTRY--TOPICAL TERM |
| Topical term or geographic name entry element |
Muslims |
| General subdivision |
Legal status, laws, etc. |
| Geographic subdivision |
Greece. |
| 650 #0 - SUBJECT ADDED ENTRY--TOPICAL TERM |
| Topical term or geographic name entry element |
Minorities |
| General subdivision |
Legal status, laws, etc. |
| Geographic subdivision |
Greece. |
| 650 #0 - SUBJECT ADDED ENTRY--TOPICAL TERM |
| Topical term or geographic name entry element |
Emigration and immigration law |
| Geographic subdivision |
Greece. |
| 906 ## - LOCAL DATA ELEMENT F, LDF (RLIN) |
| a |
7 |
| b |
cbc |
| c |
orignew |
| d |
1 |
| e |
ecip |
| f |
20 |
| g |
y-gencatlg |
| 942 ## - ADDED ENTRY ELEMENTS (KOHA) |
| Source of classification or shelving scheme |
|
| Koha item type |
Book |